Loreto College Library, Kolkata
WEBOPAC (ONLINE PUBLIC ACCESS CATALOGUE)

Adhunik Hindi Rachana Sanchayan (Record no. 41451)

MARC details
000 -LEADER
fixed length control field 00552nam a22002057a 4500
005 - DATE AND TIME OF LATEST TRANSACTION
control field 20180327140351.0
008 - FIXED-LENGTH DATA ELEMENTS--GENERAL INFORMATION
fixed length control field 180322b xxu||||| |||| 00| 0 eng d
020 ## - ISBN | অাই এস বি এন
PRICE Rs.80.00
040 ## - CATALOGING SOURCE
Original cataloging agency Loreto College
041 ## - LANGUAGE CODE
Language code English
082 ## - DDC | ডিউই
Classification number | বর্গসংখ্যা 891.43
Book Number | গ্রন্থাঙ্ক UNI
110 ## - AIN ENTRY--CORPORATE NAME | মুখ্য সংলেখ - সংস্থানাম
Corporate name | সংস্থা নাম University of Calcutta
245 ## - TITLE STATEMENT | অাখ্যা বিবরণী
Title | অাখ্যা Adhunik Hindi Rachana Sanchayan
Statement of responsibility | লেখকের দায়িত্বের বিবরণ University of Calcutta
260 ## - IMPRINT | প্রকাশনা ক্ষেত্র
Place of publication | প্রকাশ স্থান Kolkata
Name of publisher | প্রকাশকের নাম Registrar,University of Calcutta
Date of publication | প্রকাশ কাল 2017
300 ## - PHYSICAL DESCRIPTION |
Page / Vol. No | পৃষ্ঠা / খন্ড সংখ্যা 78p
Other physical details | অনান্য বাহ্যিক বিবরণ 22cm
650 ## - SUBJECT ADDED ENTRY--TOPICAL TERM | বিষয় শিরোনাম - মূল বিষয়
Topical term | মূল বিষয় Hindi literature
650 ## - SUBJECT ADDED ENTRY--TOPICAL TERM | বিষয় শিরোনাম - মূল বিষয়
Topical term | মূল বিষয় Hindi textbook
850 ## - HOLDING INSTITUTION
Holding institution LCLIB
942 ## - ADDED ENTRY ELEMENTS (KOHA)
Koha item type Books
Holdings
Withdrawn status Lost status Source of classification Damaged status Not for loan Home library Current library Date acquired Price Total Checkouts Full call number Accession No. Date last seen Price effective from Koha item type
    Dewey Decimal Classification     Loreto College Loreto College 22/03/2018 80.00   891.43 UNI 52655 45352 22/03/2018 22/03/2018 Books
    Dewey Decimal Classification     Loreto College Loreto College 22/03/2018 80.00   891.43 UNI 52656 45353 22/03/2018 22/03/2018 Books
    Dewey Decimal Classification     Loreto College Loreto College 22/03/2018 80.00   891.43 UNI 52657 45354 22/03/2018 22/03/2018 Books
    Dewey Decimal Classification     Loreto College Loreto College 22/03/2018 80.00   891.43 UNI 52658 45355 22/03/2018 22/03/2018 Books
    Dewey Decimal Classification     Loreto College Loreto College 22/03/2018 80.00   891.43 UNI 52659 45356 22/03/2018 22/03/2018 Books